Antología de poemas caballerescos castellanos (Record no. 4543)

MARC details
000 -CABECERA
campo de control de longitud fija 00939nam a2200241 a 4500
001 - NÚMERO DE CONTROL
campo de control BRCA_4849
005 - FECHA Y HORA DE LA ÚLTIMA TRANSACCIÓN
campo de control 20190320204830.0
008 - DATOS DE LONGITUD FIJA--INFORMACIÓN GENERAL
campo de control de longitud fija 050119s2004 sp-######b---#000-0#spa-#
020 ## - NÚMERO INTERNACIONAL ESTÁNDAR DEL LIBRO
Número Internacional Estándar del Libro 8488333927
041 ## - CÓDIGO DE LENGUA
Código de lengua del texto/banda sonora o título independiente spa
044 ## - CÓDIGO DEL PAÍS DE LA ENTIDAD EDITORA/PRODUCTORA
Código MARC del país sp
050 #4 - SIGNATURA TOPOGRÁFICA DE LA BIBLIOTECA DEL CONGRESO
Número de clasificación PQ6181
Número de documento/Ítem .P36 2004
100 1# - ENTRADA PRINCIPAL--NOMBRE DE PERSONA
Nombre de persona Pantoja Rivero, Juan Carlos
9 (RLIN) 12280
245 10 - MENCIÓN DE TÍTULO
Título Antología de poemas caballerescos castellanos
Mención de responsabilidad, etc. Juan Carlos Pantoja Rivero.
260 ## - PUBLICACIÓN, DISTRIBUCIÓN, ETC.
Lugar de publicación, distribución, etc. España
Nombre del editor, distribuidor, etc. Centro de Estudios Cervantinos
Fecha de publicación, distribución, etc. 2004
300 ## - DESCRIPCIÓN FÍSICA
Extensión 371 p.
Dimensiones 24 cm.
504 ## - NOTA DE BIBLIOGRAFÍA, ETC.
Nota de bibliografía, etc. Bibliografía: p. [369]-371
505 0# - NOTA DE CONTENIDO CON FORMATO
Nota de contenido con formato Pironiso / Martín Caro del Rincón. -- Celidón de Iberia / Gonzalo Gómez de Luque. -- Florando de Castilla / Jerónimo de Huerta. -- La toledana discreta / Eugenio Martínez. -- Monstruo español / Miguel González de Cunedo
650 14 - PUNTO DE ACCESO ADICIONAL DE MATERIA--TÉRMINO DE MATERIA
Término de materia o nombre geográfico como elemento de entrada Poesía española
Subdivisión general Historia y crítica
Subdivisión cronológica a 1500
9 (RLIN) 12281
650 14 - PUNTO DE ACCESO ADICIONAL DE MATERIA--TÉRMINO DE MATERIA
Término de materia o nombre geográfico como elemento de entrada Caballería
Subdivisión de forma Poesía
9 (RLIN) 12282
902 ## - CATALOGADOR
Iniciales CERV
942 ## - ELEMENTOS DE PUNTO DE ACCESO ADICIONAL (KOHA)
Fuente del sistema de clasificación o colocación Library of Congress Classification
Tipo de ítem Koha Libros
Holdings
Estado de retiro Estado de pérdida Estado dañado No para préstamo Localización permanente Ubicación/localización actual Fecha de adquisición Total de préstamos Signatura topográfica completa Código de barras Fecha visto por última vez Precio válido a partir de Tipo de ítem Koha
El ejemplar forma parte de la colección y puede ser consultado según las políticas vigentes.       Biblioteca del Museo Franz Mayer (Rogerio Casas-Alatriste) Biblioteca del Museo Franz Mayer (Rogerio Casas-Alatriste) 13/10/2010   PQ6181 .P36 2004 CERV00072 22/03/2019 22/03/2019 Libros